Enigmes phonétiques sur les villes françaises - Statistiques

Statistiques générales
  • Ce quiz a été pris 48 fois
  • Le résultat moyen est 18 sur 30
Statistiques - réponses
Hint Réponse % Correct
Elle aide le Docteur House à marcher Cannes
95%
Epiderme Pau
88%
Elle peut-être Maurice, de Ré ou d'Oléron Lille
85%
Opposé à l'occident Lorient
85%
Ni demain, ni aujourd'hui Hyères
83%
Oiseau symbole de paix Colombes
80%
Aslan dans le Monde de Narnia Lyon
80%
Partie du corps correspondant à l'adjectif hépatique Foix
78%
Nombre d'épreuves de l'heptathlon en athlétisme Sète
76%
Perdre à l'anglaise Toulouse
68%
Dans le coin de l'échiquier Tours
68%
Nombre de Reliques de la Mort dans Harry Potter Troyes
66%
Venir au subjonctif présent Vienne
66%
Cérémonie chrétienne Metz
63%
Version moderne du bourgeois Bourges
61%
Petibonum, Laudanum, Babaorum et Aquarium sont des ... romains dans les aventures d'Astérix Caen
61%
Tornade ou Comète pour le Père-Noël Rennes
61%
Des perroquets Arras
59%
Je n'ai pas bu d'alcool, je suis... Agen
54%
Ecart entre deux choses (issu de l'anglais) Gap
54%
Film où Didier Bourdon et Bernard Campan essaient d'arrêter de fumer Paris
54%
Met un bâillon Bayonne
51%
Bord de l'eau Bordeaux
49%
Prénom de la fille chanteuse de Frank Sinatra Nancy
49%
Selon Paul Eluard, la Terre est bleue comme une ... Orange
46%
Blague Vannes
34%
Arme longue Lens
27%
Nettoie, lave en frottant Reims
22%
Autre nom des plantes succulentes Grasse
20%
Mettre d'aplomb, faire tenir Calais
7%
Aucun quiz correspondant
Distribution des résultats
% des personnes avec chaque résultat
Percentile par nombre de réponses
Votre historique - résultats
Vous n’avez pas pris ce quiz